| 000 | 00555nam a2200217Ia 4500 | ||
|---|---|---|---|
| 003 | OSt | ||
| 005 | 20220928140401.0 | ||
| 006 | a|||||r|||| 00| 0 | ||
| 007 | ta | ||
| 008 | 220927b |||||||| |||| 00| 0 eng d | ||
| 024 | _a8117 | ||
| 037 | _cTextual | ||
| 040 |
_aSDCL _cSDCL _beng |
||
| 041 |
_2eng _aeng |
||
| 082 | _aX:75.5'N8, M2 | ||
| 100 |
_aCox Andrew Ed. _9494988 |
||
| 245 | 0 | _aPolitics, policy and the European recession | |
| 260 | _c1982 | ||
| 942 |
_hX:75.5'N8, M2 _cTEXL _2CC |
||
| 999 |
_c811101 _d811101 |
||